The Walking Dead - Personnages en Images - Statistiques

Statistiques générales
  • Ce quiz a été pris 905 fois
  • Le résultat moyen est 16 sur 20
Statistiques - réponses
Par images Réponse % Correct
Rick
100%
Daryl
98%
Carol
97%
Michonne
97%
Negan
97%
Carl
96%
Glenn
95%
Abraham
90%
Rosita
89%
Shane
89%
Morgan
88%
Alpha
85%
Merle
85%
Ezekiel
81%
Gabriel
79%
Aaron
71%
Dwight
61%
Jerry
50%
Général Michael Mercer
25%
Pope
18%
Aucun quiz correspondant
Distribution des résultats
% des personnes avec chaque résultat
Percentile par nombre de réponses
Votre historique - résultats
Vous n’avez pas pris ce quiz